000 00455nam a2200181Ia 4500
001 471
003 NUMERAZIONE-ORIGINALE-BRESCIA
005 20260206230753.0
008 260206s9999 xx 000 0 und d
100 _aDe Becker Raymond
245 0 _aSogno e sessualita'
260 _aMilano
260 _bZephyro
260 _c2000
500 _aAlla ricerca delle radici sessuali della mente
500 _aAnima & Spirito
942 _2ddc
_cBK
_n0
999 _c24257
_d24257